000 00277nam a22001217a 4500
008 180215b xxu||||| |||| 00| 0 eng d
041 _aeng
080 _a7
100 _a42
101 _aART
245 _aI WILL PAINT THE LAST DAY OF MY LIFE
_cBURMA
942 _2udc
_cBK
999 _c42712
_d42712